| Tag |
First Indicator |
Second Indicator |
Subfields |
| LEADER |
00000cgm a2200000Mi 4500 |
| 001 |
in00005607475 |
| 006 |
m o c |
| 007 |
cr |n||||||||a |
| 007 |
vz |za|z| |
| 008 |
180427s2018 inu004 e o vleng d |
| 005 |
20241214204605.1 |
| 035 |
|
|
|a (OCoLC)on1035416499
|
| 040 |
|
|
|a ALSTP
|b eng
|e rda
|e pn
|c ALSTP
|d OCLCO
|d OCLCF
|d WYU
|d S9I
|d OCLCQ
|d OCLCO
|d CAUOI
|d OCL
|d OCLCO
|d OCL
|d OCLCO
|d OCLCL
|d TXM
|d DXU
|
| 019 |
|
|
|a 1373415253
|a 1443981958
|
| 024 |
8 |
|
|a ASP3923056/marc
|
| 035 |
|
|
|a (OCoLC)1035416499
|z (OCoLC)1373415253
|z (OCoLC)1443981958
|
| 043 |
|
|
|a n-us-al
|
| 049 |
|
|
|a TXAM
|
| 245 |
0 |
4 |
|a The big picture.
|p Montgomery bus boycott /
|c [produced by] Media Rich Learning.
|
| 246 |
3 |
0 |
|a Montgomery bus boycott
|
| 264 |
|
1 |
|a Chesterton, IN :
|b Media Rich,
|c 2018.
|
| 300 |
|
|
|a 1 online resource (4 min.)
|
| 306 |
|
|
|a 000429
|
| 336 |
|
|
|a two-dimensional moving image
|b tdi
|2 rdacontent
|
| 337 |
|
|
|a computer
|b c
|2 rdamedia
|
| 337 |
|
|
|a video
|b v
|2 rdamedia
|
| 338 |
|
|
|a online resource
|b cr
|2 rdacarrier
|
| 347 |
|
|
|a video file
|2 rda
|
| 380 |
|
|
|a Videorecording
|
| 490 |
0 |
|
|a Academic Video Online
|
| 500 |
|
|
|a Title from resource description page (viewed April 27, 2018).
|
| 520 |
|
|
|a On December 1, 1955, Rosa Parks boarded a city bus in Montgomery, Alabama. When the bus reached its third stop, Ms. Parks was asked to surrender her seat to a white passenger. She refused and was arrested. The event inspired the Montgomery Bus Boycott, the first mass protest of the Civil Rights Movement. In turn, the Montgomery protest became the spark that lit countless torches throughout the South and beyond during the 1950s and 1960s.
|
| 546 |
|
|
|a In English.
|
| 650 |
|
0 |
|a Montgomery Bus Boycott, Montgomery, Ala., 1955-1956.
|
| 650 |
|
0 |
|a Civil rights demonstrations
|z Alabama.
|
| 650 |
|
6 |
|a Montgomery, Boycottage des autobus de, Montgomery, Alab., 1955-1956.
|
| 650 |
|
6 |
|a Manifestations pour les droits de l'homme
|z Alabama.
|
| 650 |
|
7 |
|a Civil rights demonstrations
|2 fast
|
| 651 |
|
7 |
|a Alabama
|2 fast
|1 https://id.oclc.org/worldcat/entity/E39QbtfRCDtKdF7vHd4P467qDY
|
| 651 |
|
7 |
|a Alabama
|z Montgomery
|2 fast
|1 https://id.oclc.org/worldcat/entity/E39PBJcGt6kkGwQHTRcvGrGPwC
|
| 647 |
|
7 |
|a Montgomery Bus Boycott
|c (Montgomery, Alabama :
|d 1955-1956)
|2 fast
|1 https://id.oclc.org/worldcat/entity/E39Qhp4vBb7vKX7ytGMG4qHDKm
|
| 648 |
|
7 |
|a 1955-1956
|2 fast
|
| 655 |
|
7 |
|a documentary film.
|2 aat
|
| 655 |
|
7 |
|a Feature films
|2 fast
|
| 655 |
|
7 |
|a Documentary films
|2 fast
|
| 655 |
|
7 |
|a Short films
|2 fast
|
| 655 |
|
7 |
|a Documentary films.
|2 lcgft
|
| 655 |
|
7 |
|a Short films.
|2 lcgft
|
| 655 |
|
7 |
|a Feature films.
|2 lcgft
|
| 710 |
2 |
|
|a Media Rich Learning (Firm),
|e production company.
|
| 856 |
4 |
0 |
|u http://proxy.library.tamu.edu/login?url=https://www.aspresolver.com/aspresolver.asp?MARC;3923056
|z Connect to this streaming video (Alexander Street Press)
|t 0
|
| 955 |
|
|
|a Alexander Street Press perpetual purchased Fall 2024 streaming video
|
| 994 |
|
|
|a 92
|b TXA
|
| 999 |
f |
f |
|s 7f9fa194-11d5-4be8-8c10-f68221562b56
|i 84095c95-dd42-4050-b2d1-eb7fe1b3b33e
|t 0
|
| 952 |
f |
f |
|a Texas A&M University
|b College Station
|c Electronic Resources
|d Available Online
|t 0
|h Library of Congress classification
|
| 998 |
f |
f |
|t 0
|l Available Online
|